| 000 | 01475cam a22004214i 4500 | ||
|---|---|---|---|
| 003 | PE-LiUPU | ||
| 005 | 20250731184117.0 | ||
| 008 | 150706s2009 nyua r 000 0 eng d | ||
| 020 | _a9780525421351 | ||
| 035 | _a(Sirsi) i9780525421351 | ||
| 040 |
_aPE-LiUPU _bspa _cPE-LiUPU _erda |
||
| 049 | _aPRUA | ||
| 082 | 0 | 4 |
_a813 _bB82 _221 |
| 100 | 1 |
_aBrewer, Heather, _eautor. |
|
| 245 | 1 | 0 |
_aTenth grade bleeds / _cHeather Brewer. |
| 264 | 1 |
_aNew York : _bDutton Children's Books, _c2009. |
|
| 300 |
_a292 páginas : _bilustraciones ; _c22 centimetros. |
||
| 336 |
_atext _2rdacontent |
||
| 337 |
_aunmediated _2rdamedia |
||
| 338 |
_avolume _2rdacarrier |
||
| 490 | 0 |
_aThe chronicles of Vladimir Tod ; _v3 |
|
| 526 | _aP145 | ||
| 526 | _aP127 | ||
| 526 | _aP97 | ||
| 526 | _aP14 | ||
| 526 | _aP07 | ||
| 541 | _g181-0071350; | ||
| 650 | 0 | 4 |
_aVampiros _vNovelas. |
| 650 | 0 | 4 |
_aEscuelas secundarias _vNovelas. |
| 650 | 0 | 4 |
_aEscuelas _vNovelas. |
| 650 | 0 | 4 |
_aHuérfanos _vNovelas. |
| 910 |
_agl _cjck _d20131016 |
||
| 942 |
_2ddc _cBOOK |
||
| 949 |
_a813 B82 _wDEWEY _c1 _i68670 _lCCODEBUL1 _mBUL _p20.00 _r0 _sY _tBOOK _u2015-7-6 _xFCE _zAGB _o.STAFF. Colección General |
||
| 994 |
_aC0 _bPEPRU |
||
| 596 | _a1 | ||
| 999 |
_a813 B82 _wDEWEY _c55945 _i68670 _d55945 _e2019-2-19 _f2021-11-5 _g6 _lCCODEBUL1 _mBUL _n3 _p20.00 _r0 _sY _tBOOK _u2015-7-6 _xBIBLIOTECA _zAGB _0COMPRA _o.STAFF. Colección General |
||
| 980 |
_81 _gALBERTO SANCHEZ Responsable de Automatización |
||